FUNDAMENTOS DE COMERCIO ELECTRONICO. (Registro nro. 49190)
[ vista simple ]
| 000 -LEADER | |
|---|---|
| fixed length control field | 01158nam a2200217 a 4500 |
| 001 - CONTROL NUMBER | |
| control field | 49190 |
| 005 - DATE AND TIME OF LATEST TRANSACTION | |
| control field | 20180714033800.0 |
| 008 - FIXED-LENGTH DATA ELEMENTS--GENERAL INFORMATION | |
| fixed length control field | 140415s2001 mx 000 0 spa d |
| 020 ## - INTERNATIONAL STANDARD BOOK NUMBER | |
| International Standard Book Number | 0072127449 |
| 041 ## - LANGUAGE CODE | |
| Language code of text/sound track or separate title | spa |
| 082 ## - DEWEY DECIMAL CLASSIFICATION NUMBER | |
| Classification number | 658.84 |
| Item number | VEL |
| 100 1# - MAIN ENTRY--PERSONAL NAME | |
| Personal name | VELTE, TOBY J. |
| 245 10 - TITLE STATEMENT | |
| Title | FUNDAMENTOS DE COMERCIO ELECTRONICO. |
| 250 ## - EDITION STATEMENT | |
| Edition statement | 1a ed. |
| 260 ## - PUBLICATION, DISTRIBUTION, ETC. | |
| Place of publication, distribution, etc. | MEXICO : |
| Name of publisher, distributor, etc. | MCGRAW-HILL INTERAMERICANA EDITORES, |
| Date of publication, distribution, etc. | 2001. |
| 300 ## - PHYSICAL DESCRIPTION | |
| Extent | 672 ; |
| Dimensions | 23.4 x 18.9 x 2.5. |
| 520 ## - SUMMARY, ETC. | |
| Summary, etc. | SUMERJASE EN LO QUE SE ESTA CONVIRTIENDO RAPIDAMENTE EN EL PROCEDIMIENTO OPERATIVO ESTANDAR PARA CUALQUIER NEGOCIO: EL USO DE INTERNET PARA CREAR COMERCIO ELECTRONICO. CON MAYOR FRECUENCIA, LAS EMPRESAS IMPLEMENTAN NUEVOS MODELOS COMERCIALES BASADOS EN EL WEB PARA LLEGAR A MERCADOS QUE ANTERIORMENTE ERA INALCANZABLES Y PARA OBTENER UTILIDADES FABULOSAS. ESTA GUIA AMPLIA UTILIZA ESTUDIOS DE CASOS Y EJEMPLOS PRACTICOS PARA SEGUIR EL PROGRESO DEL COMERCIO ELECTRONICO A TRAVES DE SU HISTO |
| 650 14 - SUBJECT ADDED ENTRY--TOPICAL TERM | |
| Topical term or geographic name entry element | COMERCIO (ELECTRONICO) |
| General subdivision | VENTAS |
| -- | INTERNET |
| -- | NEGOCIOS EN INTERNET |
| 700 1# - ADDED ENTRY--PERSONAL NAME | |
| Personal name | PEREZ SEVILLA, ASCENCION GUADALUPE |
| Relator term | tr. |
| 740 0# - ADDED ENTRY--UNCONTROLLED RELATED/ANALYTICAL TITLE | |
| Uncontrolled related/analytical title | E-BUSINNES: A BEGINNERÅš GUIDE |
| Withdrawn status | Lost status | Source of classification or shelving scheme | Damaged status | Not for loan | Collection code | Home library | Current library | Shelving location | Date acquired | Source of acquisition | Inventory number | Total Checkouts | Total Renewals | Full call number | Barcode | Date last seen | Date last checked out | Price effective from | Koha item type |
|---|---|---|---|---|---|---|---|---|---|---|---|---|---|---|---|---|---|---|---|
| Dewey Decimal Classification | General | Biblioteca Karol Wojtyla | Biblioteca Karol Wojtyla | Sala general | 03/12/2013 | Compra | 151000000000000000030055 | 6 | 3 | 658.84 VEL 2000 | 73582 | 05/01/2026 | 01/07/2019 | 22/04/2014 | Libro |